Eastern Utah Libraries Catalog: Duchesne, Heber, Roosevelt, & Vernal

Can we be friends? : (Record no. 370740)

MARC details
000 -LEADER
fixed length control field 02273cam a2200505Ii 4500
001 - CONTROL NUMBER
control field on1129932732
003 - CONTROL NUMBER IDENTIFIER
control field OCoLC
005 - DATE AND TIME OF LATEST TRANSACTION
control field 20220228135439.0
008 - FIXED-LENGTH DATA ELEMENTS--GENERAL INFORMATION
fixed length control field 191208t20202020nyua b b 000 1 eng d
010 ## - LIBRARY OF CONGRESS CONTROL NUMBER
LC control number 2019944982
020 ## - INTERNATIONAL STANDARD BOOK NUMBER
International Standard Book Number 9780062941589
Qualifying information (hardcover) :
Terms of availability $17.99
020 ## - INTERNATIONAL STANDARD BOOK NUMBER
International Standard Book Number 0062941585
Qualifying information (hardcover)
035 ## - SYSTEM CONTROL NUMBER
System control number (OCoLC)1129932732
040 ## - CATALOGING SOURCE
Original cataloging agency YDX
Language of cataloging eng
Description conventions rda
Transcribing agency YDX
Modifying agency BDX
-- OCLCQ
-- ZAE
-- GK8
-- GK5
-- ILC
-- OCLCF
-- LMJ
-- UPB
050 #4 - LIBRARY OF CONGRESS CALL NUMBER
Classification number QL775
Item number .S57 2020
082 04 - DEWEY DECIMAL CLASSIFICATION NUMBER
Classification number 591
-- [E]
Edition number 23
092 ## - LOCALLY ASSIGNED DEWEY CALL NUMBER (OCLC)
Classification number E Values Sir
100 1# - MAIN ENTRY--PERSONAL NAME
Personal name Sirotich, Erica,
Relator term author,
-- illustrator.
9 (RLIN) 6417129
245 10 - TITLE STATEMENT
Title Can we be friends? :
Remainder of title unexpected animal friendships from around the world /
Statement of responsibility, etc by Erica Sirotich.
246 30 - VARYING FORM OF TITLE
Title proper/short title Unexpected animal friendships from around the world
250 ## - EDITION STATEMENT
Edition statement First edition.
264 #1 - Production, Publication, Distribution, Manufacture, and Copyright Notice.
Place of production, publication, distribution, manufacture New York, NY :
Name of producer, publisher, distributor, manufacturer Harper, an imprint of HarperCollinsPublishers,
Date of production, publication, distribution, manufacture, or copyr [2020].
264 #4 - Production, Publication, Distribution, Manufacture, and Copyright Notice.
Date of production, publication, distribution, manufacture, or copyr ©2020
300 ## - PHYSICAL DESCRIPTION
Extent 32 unnumbered pages :
Other physical details color illustrations ;
Dimensions 24 cm
336 ## - Content Type
Content type term text
337 ## - Media type
Media type term unmediated
338 ## - Carrier type
Carrier type term volume
500 ## - GENERAL NOTE
General note Includes glossary.
504 ## - BIBLIOGRAPHY, ETC. NOTE
Bibliography, etc Includes bibliographical references (page [31]).
520 ## - SUMMARY, ETC.
Summary, etc This book tells about five unlikely animal friendships in sanctuaries and zoos, from around the world: Kenya's Owen the hippo and Mzee the tortoise; South Africa's Themba the elephant and Albert the sheep; California's Koko the gorilla and her kittens; Virginia's Kumbali the cheetah and Kago the dog; Ireland's Ben the dog and Duggie the wild dolphin.
521 1# - TARGET AUDIENCE NOTE
Target audience note "Ages 4-8"--Jacket.
583 ## - ACTION NOTE
Action Jcat
Time/date of action 20201022
Action agent pjr
Institution to which field applies UPB
650 #0 - SUBJECT ADDED ENTRY--TOPICAL TERM
Topical term or geographic name as entry element Animals
Form subdivision Anecdotes
-- Juvenile literature.
9 (RLIN) 5700999
650 #0 - SUBJECT ADDED ENTRY--TOPICAL TERM
Topical term or geographic name as entry element Zoos
Form subdivision Juvenile literature.
9 (RLIN) 5738958
650 #0 - SUBJECT ADDED ENTRY--TOPICAL TERM
Topical term or geographic name as entry element Hippopotamus
Form subdivision Juvenile literature.
9 (RLIN) 5691804
650 #0 - SUBJECT ADDED ENTRY--TOPICAL TERM
Topical term or geographic name as entry element Turtles
Form subdivision Juvenile literature.
9 (RLIN) 5726574
650 #0 - SUBJECT ADDED ENTRY--TOPICAL TERM
Topical term or geographic name as entry element Elephants
Form subdivision Juvenile literature.
9 (RLIN) 5693129
650 #0 - SUBJECT ADDED ENTRY--TOPICAL TERM
Topical term or geographic name as entry element Sheep
Form subdivision Juvenile literature.
9 (RLIN) 5703477
650 #0 - SUBJECT ADDED ENTRY--TOPICAL TERM
Topical term or geographic name as entry element Gorilla
Form subdivision Juvenile literature.
9 (RLIN) 6370200
650 #0 - SUBJECT ADDED ENTRY--TOPICAL TERM
Topical term or geographic name as entry element Kittens
Form subdivision Juvenile literature.
9 (RLIN) 5706330
650 #0 - SUBJECT ADDED ENTRY--TOPICAL TERM
Topical term or geographic name as entry element Cheetah
Form subdivision Juvenile literature.
9 (RLIN) 5691825
650 #0 - SUBJECT ADDED ENTRY--TOPICAL TERM
Topical term or geographic name as entry element Dogs
Form subdivision Juvenile literature.
9 (RLIN) 5674547
650 #0 - SUBJECT ADDED ENTRY--TOPICAL TERM
Topical term or geographic name as entry element Dolphins
Form subdivision Juvenile literature.
9 (RLIN) 5707000
942 ## - ADDED ENTRY ELEMENTS (KOHA)
Source of classification or shelving scheme Dewey Decimal Classification
Koha item type BOOK
Holdings
Withdrawn status Lost status Source of classification or shelving scheme Damaged status Not for loan Collection code Home library Current library Shelving location Date acquired Source of acquisition Total Checkouts Total Renewals Full call number Barcode Date last seen Date checked out Cost, replacement price Price effective from Koha item type
    Dewey Decimal Classification     Children NonFiction Wasatch County Library Wasatch County Library Main Floor Childrens Area 02/28/2022 Amazon 10 5 E Social Friendship Sirotich 34301001822701 11/17/2025 10/28/2025 17.99 02/28/2022 BOOK
This project was made possible through a grant from the Institute of Museum and Library Service administered by the Utah State Library Division.

Wasatch County Library

  • 465 East 1200 South, Heber City, Utah 84032
  • Phone 435-654-1511 | Fax 435-654-6456

Hours

  • Monday - Friday 9:30 AM - 8:00 PM
  • Saturday 9:30 AM - 1:30 PM
  • Closed Sundays and Holidays